Aspects of Politics Ideas and Institutions in Ancient India (Record no. 1464867)

MARC details
000 -LEADER
fixed length control field 00465nam a22001697a 4500
005 - DATE AND TIME OF LATEST TRANSACTION
control field 20251021105005.0
008 - FIXED-LENGTH DATA ELEMENTS--GENERAL INFORMATION
fixed length control field 251021b |||||||| |||| 00| 0 eng d
020 ## - INTERNATIONAL STANDARD BOOK NUMBER
International Standard Book Number 9788120808980
040 ## - CATALOGING SOURCE
Transcribing agency ILCL
041 ## - LANGUAGE CODE
Source of code eng
Language code of text/sound track or separate title eng
084 ## - COLON CLASSIFICATION NUMBER
Classification number Z(44),17 Q8
100 ## - MAIN ENTRY--PERSONAL NAME
Personal name Sharma, Ram Sharan
245 ## - TITLE STATEMENT
Title Aspects of Politics Ideas and Institutions in Ancient India
260 ## - PUBLICATION, DISTRIBUTION, ETC.
Place of publication, distribution, etc. Delhi
Name of publisher, distributor, etc. Motilal Banarasidass
Date of publication, distribution, etc. 2018
300 ## - PHYSICAL DESCRIPTION
Extent xxxi,462p.
942 ## - ADDED ENTRY ELEMENTS (KOHA)
Source of classification or shelving scheme Colon Classification (CC)
Koha item type Textbook
100 ## - MAIN ENTRY--PERSONAL NAME
-- 848793
999 ## -
-- 1464867
-- 1464867
Holdings
Withdrawn status Lost status Source of classification or shelving scheme Damaged status Not for loan Home library Current library Date acquired Source of acquisition Cost, normal purchase price Inventory number Total checkouts Full call number Barcode Date last seen Price effective from Koha item type
    Colon Classification (CC)     Integrated Law Course library Integrated Law Course library 2025-10-01 Motilal Banarasidass 545.00 3563 dt. 01-10-2025   Z(44),17 Q8 IL1864724 2025-10-21 2025-10-21 Textbook
Copyright @ Delhi University Library System